Statistics for Each Countries that visit country the most

Click here to take the quiz!

General Stats

  • This quiz has been taken 24 times
  • The average score is 8 of 9

Answer Stats

CountryVisitor% Correct
United KingdomFrance
100%
AustraliaNew Zealand
100%
BrazilArgentina
96%
United StatesMexico
96%
IndiaBangladesh
88%
GermanyNetherlands
83%
PhilippinesSouth Korea
83%
ChinaTaiwan
67%
South AfricaZimbabwe
67%

Score Distribution

Percentile by Number Answered

Percent of People with Each Score

Your Score History

You have not taken this quiz